Management strategies towards reducing the immaturity period of rubber (Hevea brasiliensis) (Record no. 52284)

MARC details
000 -LEADER
fixed length control field 00464nam a2200133Ia 4500
100 ## - MAIN ENTRY--AUTHOR NAME
Personal name George S.
245 #0 - TITLE STATEMENT
Title Management strategies towards reducing the immaturity period of rubber (Hevea brasiliensis)
260 ## - PUBLICATION, DISTRIBUTION, ETC. (IMPRINT)
Name of publisher International Conference on Natural Rubber Extension and Development, 8-9 May 2008, Cochin, India.
Year of publication 2008
700 ## - ADDED ENTRY--PERSONAL NAME
Personal name Gireesh T.
700 ## - ADDED ENTRY--PERSONAL NAME
Personal name Idicula S.P.
700 ## - ADDED ENTRY--PERSONAL NAME
Personal name Nair N.U.
942 ## - ADDED ENTRY ELEMENTS (KOHA)
Koha item type Bibliography STAF
Holdings
Withdrawn status Lost status Damaged status Not for loan Home library Current library Date acquired Koha item type
      Bibliography RRII Library RRII Library 16/03/2010 Bibliography STAF